000 004700000a22001690004500
041 0 _aSPA
082 0 4 _aG 266.37 R2111v
100 1 _aRankin, Melinda
245 1 0 _aVeinte años entre los mexicanos / Melinda Rankin ; Joel Martínez Tamez, Traductor
260 _aMéxico D.F., México : El Faro
300 _a164 Pag
001 7756
942 _cBK
999 _c37961
_d37961
336 _atexto
_btxt
_2rdacontent
337 _2rdamedia
_asin mediación
_bn
338 _2rdacarrier
_avolumen
_bnc